IMPLEMENTING VALUE AT RISK (Record no. 20698)
[ view plain ]
| 000 -LEADER | |
|---|---|
| fixed length control field | 00316nam a2200133Ia 4500 |
| 008 - FIXED-LENGTH DATA ELEMENTS--GENERAL INFORMATION | |
| fixed length control field | 240624s9999 xx 000 0 und d |
| 041 ## - LANGUAGE CODE | |
| Language code of text/sound track or separate title | eng |
| 082 ## - DEWEY DECIMAL CLASSIFICATION NUMBER | |
| Classification number | 332.1 BES |
| 100 ## - MAIN ENTRY--PERSONAL NAME | |
| Personal name | BEST PHILIP |
| 245 ## - TITLE STATEMENT | |
| Title | IMPLEMENTING VALUE AT RISK |
| 260 ## - PUBLICATION, DISTRIBUTION, ETC. | |
| Date of publication, distribution, etc. | 1999 |
| Place of publication, distribution, etc. | ltd.,1999 |
| 300 ## - PHYSICAL DESCRIPTION | |
| Extent | xiii, : 208p. ; 23cm. |
| 365 ## - TRADE PRICE | |
| Currency code | |
| Price amount | 27 |
| Withdrawn status | Lost status | Damaged status | Not for loan | Home library | Current library | Shelving location | Date acquired | Source of acquisition | Cost, normal purchase price | Full call number | Barcode | Date last seen | Copy number | Price effective from | Koha item type |
|---|---|---|---|---|---|---|---|---|---|---|---|---|---|---|---|
| IMTN | IMTN | Rack 9-A | 12/13/2012 | TB | 160.00 | 332.1 BES | 20698 | 06/24/2024 | 57.5 | 06/24/2024 | Books |